| 000 | 01748nam a2200385 a 4500 | ||
|---|---|---|---|
| 001 | ebr5005949 | ||
| 003 | CaPaEBR | ||
| 006 | m u | ||
| 007 | cr cn||||||||| | ||
| 008 | 980713s1999 enk sb 001 0 eng | ||
| 010 | _z 98035135 | ||
| 020 | _z0521580900 (hardback) | ||
| 040 |
_aCaPaEBR _cCaPaEBR |
||
| 035 | _a(OCoLC)51620784 | ||
| 050 | 1 | 4 |
_aPR428.C3 _bS54 1999eb |
| 082 | 0 | 4 |
_a820.9/9222/09031 _221 |
| 100 | 1 | _aShell, Alison. | |
| 245 | 1 | 0 |
_aCatholicism, controversy, and the English literary imagination, 1558-1660 _h[electronic resource] / _cAlison Shell. |
| 260 |
_aCambridge, U.K. ; _aNew York : _bCambridge University Press, _c1999. |
||
| 300 | _axi, 309 p. | ||
| 504 | _aIncludes bibliographical references (p. 300-302) and index. | ||
| 533 |
_aElectronic reproduction. _bPalo Alto, Calif. : _cebrary, _d2013. _nAvailable via World Wide Web. _nAccess may be limited to ebrary affiliated libraries. |
||
| 610 | 2 | 0 |
_aCatholic Church _xControversial literature _xHistory and criticism. |
| 610 | 2 | 0 |
_aCatholic Church _xIn literature. |
| 650 | 0 |
_aEnglish literature _yEarly modern, 1500-1700 _xHistory and criticism. |
|
| 650 | 0 |
_aEnglish literature _xCatholic authors _xHistory and criticism. |
|
| 650 | 0 |
_aChristianity and literature _zEngland _xHistory _y16th century. |
|
| 650 | 0 |
_aChristianity and literature _zEngland _xHistory _y17th century. |
|
| 650 | 0 |
_aChristian literature, English _xHistory and criticism. |
|
| 650 | 0 |
_aCatholics _zEngland _xIntellectual life. |
|
| 650 | 0 | _aAnti-Catholicism in literature. | |
| 655 | 7 |
_aElectronic books. _2local |
|
| 710 | 2 | _aebrary, Inc. | |
| 856 | 4 | 0 |
_uhttp://site.ebrary.com/lib/rucke/Doc?id=5005949 _zAn electronic book accessible through the World Wide Web; click to view |
| 999 |
_c5648 _d5648 |
||